000 00319nam a22001457a 4500
008 210607b ||||| |||| 00| 0 eng d
020 _a0471189146
041 _aeng
080 _a611
082 _a611
100 _a6
101 _aANA
245 _aHuman Anatomy and Physiology
_cJames E. Crouch
942 _2udc
_cBK
999 _c58028
_d58028